El hombre y la historia: filosofía y teología de la historia
I tiakina i:
| Kaituhi matua: | |
|---|---|
| Hōputu: | Pukapuka |
| Reo: | Pāniora |
| I whakaputaina: |
Buenos Aires
Guadalupe
1959
|
| Ngā marau: | |
| Ngā Tūtohu: |
Tāpirihia he Tūtohu
Kāore He Tūtohu, Me noho koe te mea tuatahi ki te tūtohu i tēnei pūkete!
|
MARC
| LEADER | 00000nam a2200000 a 4500 | ||
|---|---|---|---|
| 001 | UCP8525 | ||
| 003 | CL-VaPUC | ||
| 008 | 000303e19590000AG |||||||||||||||||spa|d | ||
| 082 | 0 | 4 | |a 901 |b CAT |2 21 |
| 100 | 0 | |a Caturelli, Alberto |e author |9 438560 | |
| 245 | 1 | 3 | |a El hombre y la historia: filosofía y teología de la historia |
| 300 | |a 344 p | ||
| 942 | |c BK | ||
| 945 | |d 20000303 00:00:00 |a rherrera | ||
| 260 | |a Buenos Aires |b Guadalupe |c 1959 | ||
| 650 | 0 | |a Filosofía de la historia |9 265651 | |
| 650 | 0 | |a Teología |9 258766 | |
| 650 | 0 | |a Cristianismo |9 257361 | |
| 583 | |a last modification |c 20000303 00:00:00 |k Rodrigo Vera | ||
| 999 | |c 285417 |d 285415 | ||
| 952 | |0 0 |1 0 |4 0 |6 901_000000000000000_CAT_1959 |7 0 |8 A |9 330037 |a BIBHIS |b BIBHIS |d 2019-11-20 |i 1392247 |o 901 CAT 1959 |p 1392247 |r 2025-01-20 |w 2019-11-20 |y BK |k HIS | ||